Die differential und integralgleichungen (Record no. 761)

MARC details
000 -LEADER
fixed length control field 00619nam a2200193Ia 4500
003 - CONTROL NUMBER IDENTIFIER
control field IN-BaIIA
008 - FIXED-LENGTH DATA ELEMENTS--GENERAL INFORMATION
fixed length control field 211028s9999 xx 000 0 eng d
040 ## - CATALOGING SOURCE
Transcribing agency IIA Library
080 ## - UNIVERSAL DECIMAL CLASSIFICATION NUMBER
Universal Decimal Classification number 517.91
Item number FRA-1
100 ## - MAIN ENTRY--PERSONAL NAME
Personal name Frank, Philipp
9 (RLIN) 1634
245 #0 - TITLE STATEMENT
Title Die differential und integralgleichungen
Statement of responsibility, etc. Philipp Frank and Richard Von Mises
260 ## - PUBLICATION, DISTRIBUTION, ETC.
Place of publication, distribution, etc. New York
Name of publisher, distributor, etc. Marry S. Rosenberg
Date of publication, distribution, etc. 1943
300 ## - PHYSICAL DESCRIPTION
Extent xxiv, 1106p.
650 ## - SUBJECT ADDED ENTRY--TOPICAL TERM
Topical term or geographic name entry element Differential equations
9 (RLIN) 1510
650 ## - SUBJECT ADDED ENTRY--TOPICAL TERM
Topical term or geographic name entry element Integral equations
9 (RLIN) 1635
650 ## - SUBJECT ADDED ENTRY--TOPICAL TERM
Topical term or geographic name entry element Mathematical physics
9 (RLIN) 1525
700 ## - ADDED ENTRY--PERSONAL NAME
Personal name Mises Richard Von
9 (RLIN) 1636
942 ## - ADDED ENTRY ELEMENTS (KOHA)
Koha item type Books
Holdings
Withdrawn status Lost status Damaged status Not for loan Home library Current library Shelving location Date acquired Total Checkouts Full call number Barcode Date last seen Price effective from Koha item type
        IIA Library-Bangalore IIA Library-Kodaikanal General Stacks     517.91/ FRA-1 785 05/11/2021   Books

Powered by Koha